00864nam a2200205Ia 4500001001800000003000900018008004100027040002300068041001100091100003600102245008800138250002400226260002700250300001900277501012400296942000700420957000600427999004100433952018400474230-BIL lo (4004)IT-MiSPE171229s9999||||xx |||||||||||||| ||und|| aIT-MiSPEcIT-MiSPE aLATINO aLouis Billot (Ludovicus Billot) 0a(IV) De personali et originali peccatobCommentarius in Primam Secundae (Qq. 71-89) a4 aucta et emendata aPratibGiachettic1910 a193 p. c21 cm aEdizioni San Paolo srl - Piazza Soncino, 5 - 20092 CINISELLO BALSAMO (MI) (non commercial uses only) ® Copyright 2018 cBK 71 a8322bNOg Copie: 1 c339953d339953 0010406230BIL_LO_400471aCINISELLObCINISELLOd2017-12-30l0o230-BIL lo (4004)r2017-12-30 00:00:00w2017-12-30yBKz(data import: 20 dicembre 2017) - By Epidotti, Vaglietti.